000 00482nam a2200181Ia 4500
005 20250508153026.0
008 008 250505s9999 xx 000 0 eng d
037 _aTextual
040 _aFEDL
_beng
_cFEDL
041 _aeng
_2eng
084 _a364.34, NIC
_qFEDL
100 _aNice Richard Ed.
245 0 _aCriminal psychology
260 _aLondon, UK
_bPeter Owen Limited
_c1962
300 _a284p
942 _cTEXL
_h364.34, NIC
999 _c1340221
_d1340221